000 00689cam a22002053a 4500
001 39717
003 PGUSA
005 20140828083902.0
008 120517s2012||||xxu|||||s|||||000 | eng d
040 _aPGUSA
_beng
042 _adc
100 1 _aThijm, Josephus Albertus Alberdingk
245 1 0 _aKarolingsche Verhalen :
_bCarel en Elegast - De Vier Heemskinderen - Willem van Oranje - Floris en Blancefloer
_h[electronic resource] /
_cJosephus Albertus Alberdingk Thijm
260 _bProject Gutenberg,
_c2012
506 _aPublic domain in the USA.
516 _aElectronic text
830 0 _aProject Gutenberg
_v39717
856 4 0 _uhttp://www.gutenberg.org/ebooks/39717
942 _cEB
999 _c268970
_d268970